Canadian bands [pic] - Statistics

General Stats
  • This quiz has been taken 18 times
  • The average score is 4 of 16
Answer Stats
Picture Answer % Correct
Rush
82%
Nickelback
65%
Barenaked Ladies
47%
Bachman-Turner Overdrive
41%
Sum 41
41%
The Guess Who
29%
Annihilator
24%
The Devin Townsend Band
24%
Anvil
18%
Our Lady Peace
6%
Voivod
6%
Blasphemy
0%
Godspeed You! Black Emperor
0%
Lesbians on Ecstasy
0%
Propagandhi
0%
Woods of Ypres
0%
No matching quizzes found
Score Distribution
Percent of People with Each Score
Percentile by Number Answered
Your Score History
You have not taken this quiz